000 00478nam a2200193 a 4500
001 1775639896844
003 YourLibrary
005 20260408145033.0
008 260408s2002##################000#0#eng##
020 _a9780774809573
082 0 4 _a346.710134
_bJOH
100 1 _aJohnson, Rebecca,
_eauthor.
245 1 0 _aTaxing Choices :
260 _bUBC Press,
_c2002.
300 _a260 pages
650 0 _aLaw.
942 _cENGLISH
040 _aYourLibrary
_beng
_cYourLibrary
999 _c619253
_d619253